COURT OF APPEAL CIVIL APPEAL NO.28 0F 2011 Kabandize And 20 Others Vs Kampala Capital City Authority (Record no. 6017)
[ view plain ]
| 000 -LEADER | |
|---|---|
| fixed length control field | 00418nam a22000977a 4500 |
| 008 - FIXED-LENGTH DATA ELEMENTS--GENERAL INFORMATION | |
| fixed length control field | 150605b xxu||||| |||| 00| 0 eng d |
| 010 ## - LIBRARY OF CONGRESS CONTROL NUMBER | |
| Field link and sequence number | CAF:66b |
| 245 ## - TITLE STATEMENT | |
| Title | COURT OF APPEAL CIVIL APPEAL NO.28 0F 2011 Kabandize And 20 Others Vs Kampala Capital City Authority |
| 260 ## - PUBLICATION, DISTRIBUTION, ETC. (IMPRINT) | |
| Linkage | Court Of Appeal Kampala |
| 500 ## - GENERAL NOTE | |
| Materials specified | CORAM:Hon.Justice A.S.Nshimye,JA ,Hon.Mr.Justice Kenneth Kakuru,JA ,Hon.Lady Justice Prof.Lillian E. Tibatemwa,JA |
| Withdrawn status | Lost status | Source of classification or shelving scheme | Damaged status | Koha normalized classification for sorting | Not for loan | Location (home branch) | Sublocation or collection (holding branch) | Shelving location | Date acquired | Koha issues (times borrowed) | Koha full call number | Piece designation (barcode) | Koha date last seen | Price effective from | Koha item type | Public note |
|---|---|---|---|---|---|---|---|---|---|---|---|---|---|---|---|---|
| Dewey Decimal Classification | CACAF_66B | Law Development Centre Main Library | Law Development Centre Main Library | Reference | 06/05/2015 | CACAF:66b | 0082/2015 | 06/05/2015 | 06/05/2015 | Un Reported Cases | Judgement was entered on 4th March 2014 |
